Golden hour - Mark (nct) english lyrics - Statistics

General Stats
  • This quiz has been taken 6 times
  • The average score is 121 of 348
Answer Stats
Answer % Correct
I
100%
A
67%
Calling
67%
Do
67%
Go
67%
Golden
67%
Hour
67%
I'm
67%
In
67%
Live
67%
Out
67%
Ramsay
67%
We
67%
World
67%
And
33%
Appetizer
33%
Around
33%
At
33%
Away
33%
Back
33%
Been
33%
Being
33%
Big
33%
Blood,
33%
Bounce
33%
Brain,
33%
Buffet
33%
But
33%
'Cause
33%
Come
33%
Constantly
33%
Cook
33%
Cookin'
33%
(Cookin'
33%
Course
33%
Cruise
33%
Dangerous
33%
Diamond,
33%
Diamond
33%
Dirty)
33%
Dish
33%
Dish)
33%
Does
33%
Don't
33%
Eggs,
33%
Eggs
33%
Ever
33%
Everyone
33%
Excuse
33%
Facial
33%
Fav
33%
Flight
33%
For
33%
Freak
33%
From
33%
Game
33%
Girl
33%
Give
33%
Glacier
33%
Glass
33%
Good
33%
Gordon
33%
Got
33%
Hawaii
33%
Here
33%
Hop
33%
How
33%
Hungry
33%
Ice
33%
I'll
33%
Is
33%
It
33%
It's
33%
I've
33%
Just
33%
Kitchen
33%
Know
33%
Know,
33%
La
33%
Ladies
33%
Let's
33%
Like
33%
Looking
33%
Main
33%
(Main
33%
Make
33%
Married
33%
Me
33%
Me,
33%
Mean?
33%
Menu
33%
Michelin
33%
Mind
33%
(Mind)
33%
Mine
33%
Mirror
33%
My
33%
Need
33%
Never
33%
No
33%
Noir,
33%
Not
33%
On
33%
Ooh
33%
(Ooh,
33%
Ooh)
33%
(Ooh
33%
Ooh,
33%
Patience
33%
Pinot
33%
Plating
33%
Problem,
33%
Real
33%
Really
33%
Right
33%
Rings
33%
She
33%
Shout
33%
So
33%
(So)
33%
Stress
33%
Take
33%
That
33%
The
33%
Themselves
33%
Timing
33%
To
33%
Tongue
33%
Tonight
33%
Topping
33%
Tries
33%
Uh,
33%
Umm,
33%
Up
33%
Wait
33%
Wait,
33%
Waiter
33%
Want
33%
What
33%
When
33%
With
33%
Won't
33%
Yeah,
33%
(Yeah)
33%
Yeah
33%
You
33%
You,
33%
Your
33%
Ain't
0%
All
0%
All)
0%
Allowance
0%
Boy,
0%
Branches
0%
Can
0%
Check
0%
Cloth,
0%
Count
0%
(Count)
0%
Cuff,
0%
Cut
0%
Done
0%
Door
0%
'Em
0%
Enough
0%
Free
0%
Front
0%
Gives
0%
Going
0%
Governments
0%
Gown
0%
(Gown)
0%
Hoo,
0%
(I'd
0%
Kill
0%
(Kill
0%
Lavish,
0%
Lining
0%
(Lining)
0%
Off
0%
Said
0%
Say)
0%
See
0%
Shining
0%
Silver
0%
Snapping
0%
Style
0%
Too
0%
Woo,
0%
(Woo)
0%
No matching quizzes found
Score Distribution
Percent of People with Each Score
Percentile by Number Answered
Your Score History
You have not taken this quiz